00260nam a2200097 a 450000500170000000800410001705000170005810000190007524500270009426000410012120140414132054.0110714s19uu xx 00 eng d aERbL72 1990 aRosen, Michael aLittle rabbit foo foo. aNew York :bSimon @ Schuster,c1990.